000 00299nam a2200133Ia 4500
999 _c3495
_d3495
008 191201s2008 xx 000 0 und d
082 _a331.1
_bMOI
100 _aMonappa, Arun
245 0 _aIndustrial Relations
260 _aN.Delhi
_bTMH
_c2008
300 _a388
650 _aMBA
942 _2ddc
_cBK